000 00659nam a2200241Ia 4500
003 OSt
005 20221005091220.0
006 a|||||r|||| 00| 0
007 ta
008 221004b |||||||| |||| 00| 0 eng d
024 _a41206
037 _cTextual
040 _aCRL
_cCRL
_beng
041 _2eng
_aeng
082 _aO111,1M88:g, M7
100 _aMenand Louis
_958899
245 0 _aDiscovering modernism T S Eliot and his context
260 _aNew York
_bOxford University USA
_c1987
300 _a211p
_ccm.
650 _aENGLISH LITERATURE
942 _hO111,1M88:g, M7
_cTEXL
_2cc
999 _c996967
_d996967